Dòng chảy sông ngòi Việt Nam

Gespeichert in:
Bibliographische Detailangaben
Format: Buch
Sprache:Undetermined
Veröffentlicht: Hà Nội Khoa học và Kỹ thuật 1984
Schlagworte:
Tags: Tag hinzufügen
Keine Tags, Fügen Sie den ersten Tag hinzu!
Thư viện lưu trữ: Trung tâm Học liệu Trường Đại học Cần Thơ
LEADER 00504nam a2200181Ia 4500
001 CTU_10396
008 210402s9999 xx 000 0 und d
082 |a 551.483 
082 |b D431 
245 0 |a Dòng chảy sông ngòi Việt Nam 
245 0 |c Phạm Quang Hạnh...[et.al] 
260 |a Hà Nội 
260 |b Khoa học và Kỹ thuật 
260 |c 1984 
650 |a Rivers 
650 |z Vietnam 
904 |i Huỳnh Mai 
980 |a Trung tâm Học liệu Trường Đại học Cần Thơ